000 00365nam a2200169Ia 4500
001 1749
003 IN-NITTTR
005 20251114232920.0
008 251113s9999||||xx |||||||||||||| ||eng||
040 _beng
040 _cIN-NITTTR
041 _aeng
082 _a621.3 H192T
100 _aHanda.,
245 0 _aElectrical technology /
_cHanda.
942 _2ddc
_cBK
999 _c2480
_d2480